| 000 | 00519nam a2200193 a 4500 | ||
|---|---|---|---|
| 005 | 20140310183252.0 | ||
| 008 | 041021s19uu xx 00 eng d | ||
| 020 | _a9780761969921 | ||
| 050 |
_aG 155.A1 _b.Sh482 2004 |
||
| 100 | _aShaw, Gareth | ||
| 245 |
_aTourism and tourism spaces / _cGareth Shaw. |
||
| 260 |
_aGreat Britain : _bAthenaum Press Ltd., _c2004. |
||
| 300 |
_a311 p. : _c26 cm. |
||
| 521 | _aTOU | ||
| 650 | _aTourism. | ||
| 700 | _aWilliams, Allan M. | ||
| 942 |
_cBK _2lcc _kFOR |
||
| 999 |
_c20793 _d20793 |
||